| 000 | 00518nam a2200181 a 4500 | ||
|---|---|---|---|
| 001 | 000021991 | ||
| 005 | 20200930011532.0 | ||
| 008 | 100915s1942 ag 000 0 spa d | ||
| 040 |
_aDO-SdBNP _bspa _cBNPHU |
||
| 082 |
_ann* _bnn* |
||
| 100 | 1 |
_aGómez de la Serna, Ramón. _941561 |
|
| 245 | 1 | 0 |
_aAzorín / _cRamón Gómez de la Serna. |
| 260 |
_aBuenos Aires : _bLosada, _c1942. |
||
| 300 |
_a243 p. ; _c18 cm. |
||
| 490 | 1 | _aBiblioteca Contemporánea | |
| 830 | 0 |
_aBiblioteca Contemporánea _914729 |
|
| 049 | _aBNGR | ||
| 999 |
_c21489 _d21489 |
||